Impacto e historia de la introducción de la hormiga loca (Paratrechina fulva) a Colombia (Registro nro. 4790)

Detalles MARC
000 -CABECERA
Campo de control 01994nam a2200277 a 4500
005 - FECHA Y HORA DE LA ULTIMA TRANSACCION
Campo de control 20141128164819.0
008 - ELEMENTOS DE LONGITUD FIJA—INFORMACION GENERAL
Campo de control 140124b2005 ck ||||| |||| 00| 0 spa d
040 ## - FUENTE DE CATALOGACIÓN
Agencia transcriptora Establecimientos y evaluación de herramientas de manejo del paisaje
041 ## - IDIOMA
Código de idioma para texto/pista de sonido o título separado Español
044 ## - PAÍS DE PUBLICACIÓN
País de publicación Colombia
090 ## - CLASIFICACIÓN LOCAL
Colección IAVH
Consecutivo 00423
100 ## - ASIENTO PRINCIPAL--NOMBRE PERSONAL
Nombre personal Arcila, Angela María
245 ## - MENCION DE TITULO
Título Impacto e historia de la introducción de la hormiga loca (Paratrechina fulva) a Colombia
Parte restante del título informe final
260 ## - PUBLICACION, DISTRIBUCION, ETC. (PIE DE IMPRENTA)
Lugar de publicación, distribución, etc. Cali
Nombre del editor, distribuidor, etc. Instituto Alexander von Humboldt
Fecha de publicación, distribución, etc. 2005
300 ## - DESCRIPCION FISICA
Extensión 91 p.
520 ## - NOTA DE RESUMEN, ETC.
Nota de resumen Después de la pérdida de hábitat, las invasiones biológicas se consideran la segunda causa más importante de pérdida de biodiversidad en el mundo. Las hormigas invasoras conforman un subconjunto de por lo menos 150 especies. Este estudio de la hormiga loca, originaria de Brasil e introducida en Colombia hace más de 30 años, pretende recopilar información sobre la especie en Brasil y otros países, sobre su biología, documentar la historia de su introducción en Colombia y su avance en el territorio, construir una base de datos de localidades georreferenciadas donde se registra su presencia y de información bibliográfica, construir mapas de distribución y dispersión en el país, identificar los sistemas con mayor frecuencia de invasión, conocer los impactos ecológicos y económicos sobre los ecosistemas nativos y agroecosistemas, identificar factores bióticos y abióticos, recopilar información sobre manejo y control de la especie y evaluar la densidad de población actual de la hormiga mediante muestreos en Valle del Cauca, Cauca, Caldas, Santander y Boyacá
650 ## - ASIENTO SECUNDARIO DE MATERIA - TERMINO TEMATICO
Término temático o nombre geográfico como elemento de entrada Invasores biológicos
650 ## - ASIENTO SECUNDARIO DE MATERIA - TERMINO TEMATICO
Término temático o nombre geográfico como elemento de entrada Hormiga loca
650 ## - ASIENTO SECUNDARIO DE MATERIA - TERMINO TEMATICO
Término temático o nombre geográfico como elemento de entrada Impacto
650 ## - ASIENTO SECUNDARIO DE MATERIA - TERMINO TEMATICO
Término temático o nombre geográfico como elemento de entrada Historia
650 ## - ASIENTO SECUNDARIO DE MATERIA - TERMINO TEMATICO
Término temático o nombre geográfico como elemento de entrada Búsqueda y análisis de información
650 ## - ASIENTO SECUNDARIO DE MATERIA - TERMINO TEMATICO
Término temático o nombre geográfico como elemento de entrada Monitoreo de poblaciones
700 ## - ASIENTO SECUNDARIO - NOMBRE PERSONAL
Nombre personal Quintero, María Paulina
942 ## - ELEMENTOS ADICIONALES (KOHA)
Tipo de ítem Informe Técnico
Sistema de clasificación Local
945 ## - PROCESAMIENTO LOCAL
AAAA-MM-DD - Fecha de ingreso o modificacion 2005-11-10
Existencias
Withdrawn status Lost status Sistema de Clasificación Damaged status No para préstamo Colección Inventariado Ubicación Permanente Ubicación actual Fecha de adquisición Fuente de Valor Total Checkouts Número topográfico Inventario / Código de Barras Date last seen Ejemplar Price effective from Forma de adquisición Tipo de material
    Local     Humboldt Inventariado 2017 Bogotá Bogotá 10/11/2005 CID Humboldt   IAVH-00423 022152 09/08/2024 Ej. 1 04/12/2012   Informe Técnico